Évènements marquants des années 1980 par images - Statistiques

Statistiques générales
  • Ce quiz a été pris 104 fois
  • Le résultat moyen est 11 sur 15
Statistiques - réponses
Par images Hint Réponse % Correct
10 mai 1981 Élection de {François} {Mitterrand}
96%
10 décembre 1988 Prix Nobel de la paix à {Nelson} {Mandela}
95%
9 novembre 1989 Chute du {mur} {de} {Berlin}
93%
29 janvier 1982 Loi abolissant {la} {peine} {de} {mort} en France
93%
3 juillet 1986 Mort de {Coluche}
91%
30 octobre 1985 Sortie du film {Retour} {vers} {le} {futur}
91%
26 avril 1986 Explosion de la centrale nucléaire de {Tchernobyl}
89%
14 janvier 1986 Mort de {Daniel} {Balavoine}
89%
4 novembre 1980 Élection de {Ronald} {Reagan}, 40e président des États-Unis
79%
11 décembre 1987 Sortie du film {Dirty} {Dancing}
78%
14 juin 1985 Signatue de l'accord de {Schengen} créant un espace de libre échange en Europe
63%
2 avril 1982 Début de la guerre des {Malouines} opposant le Royaume-Uni à l'Argentine)
60%
4 juin 1989 Manifestations de la place {Tian}'{anmen}
55%
31 octobre 1984 Assassinat d'{Indira} {Gandhi}, Première ministre de l’Inde
38%
19 octobre 1987 Premier krach boursier surnommé le « {lundi} {noir} »
25%
Aucun quiz correspondant
Distribution des résultats
% des personnes avec chaque résultat
Percentile par nombre de réponses
Votre historique - résultats
Vous n’avez pas pris ce quiz